| 000 | 00715nam a22002177a 4500 | ||
|---|---|---|---|
| 005 | 20180618110835.0 | ||
| 010 | _a1718EN-30 ENG-121688 B-686470-471 | ||
| 020 |
_a9789352230983 _c125.00 |
||
| 035 | _aEN-105220 | ||
| 035 | _aB-686470-471 | ||
| 037 |
_bStar Pub. _adpl |
||
| 037 | _bDBAD/PUB | ||
| 082 | _aN | ||
| 100 | _aFrank, Anne | ||
| 245 |
_aThe diary of a young girl / _cby Anne Frank |
||
| 260 |
_aNoida _bMaple Press _c2017 |
||
| 270 |
_aA-63, Sector-58, _bNoida _e201301 |
||
| 300 |
_a342p. _c18cm(pbk) |
||
| 942 |
_2ddc _cEN _mFRA _hN |
||
| 999 |
_c145845 _d145845 |
||